000 00630nam a2200217Ia 4500
003 OSt
005 20240401162944.0
008 210210b1985 xxu||||| |||| 00| 0 eng d
040 _cAL
041 _aKannada
082 _aK894.4 SHRI
100 _a-
_9157611
245 _aShrimanmahabharata.S32.
_bಶ್ರೀ ಮನ್ಮಹಾಭಾರತ ಸಂ: ೩೨
260 _aBengaluru
_bBharata Darshana Prakashana
_c1985
300 _axx,6669,219
440 _a32
_9157612
650 _aMahabharata Vyasa Mausalamahaprasthanasvargarohanaparva
_9157613
690 _aKannada Prose
_9157614
906 _a041393
942 _2ddc
_cBK
999 _c91462
_d91462